000 00762nas a2200253 4500
001 BR0903138
003 BR-BrBNA
005 20231205113430.0
007 ta
008 230509b bl.|||p| |||| 00| 00por d
040 _aBR-BrBNA
_bpor
_cBiblioteca Nacional de Agricultura
041 _a(Pt)
072 _aQ04
100 1 _aSilveira, N.G.A. da
100 1 _aVargas, P.N.
100 1 _aRosa, C.S. da
245 1 _aTeor de polifenóis e composição química do mirtilo do grupo highbush
650 _aMIRTILO
650 _aCOMPOSIÇÃO QUÍMICA
650 _aVITAMINA C
773 0 _tAlimentos e Nutrição (Brazil)
_xISSN 0103-4235
_g(Oct-Dec 2007), v. 18(4) p. 365-370
_wBR0903138
909 _a202311
_bLúcia
_c55
_dLúcia Elande
942 _2AGRIS
_n0
_cANA
999 _c203745
_d203745